| 000 | 00799nam a2200265Ia 4500 | ||
|---|---|---|---|
| 003 | OSt | ||
| 005 | 20220926034132.0 | ||
| 006 | a|||||r|||| 00| 0 | ||
| 007 | ta | ||
| 008 | 220923b |||||||| |||| 00| 0 eng d | ||
| 020 | _a0815777698 | ||
| 037 | _cGeneral Book | ||
| 040 |
_aRTL _cRTL _beng |
||
| 041 |
_2eng _aeng |
||
| 082 | _aX.5.N8, M7 | ||
| 100 |
_aLawrence Robert Z _9340098 |
||
| 245 | 0 |
_aBarriers to European growth _b A transatlantic view |
|
| 260 |
_aWashington _bBrookings Institutions _c1987 |
||
| 300 |
_axvii,619p. _ccm. |
||
| 500 | _aBibliography chapterwise | ||
| 650 |
_aEconomic condition Europe _9234055 |
||
| 700 | _a Schultze Charles L | ||
| 942 |
_hX.5.N8, M7 _cGB _2CC |
||
| 999 |
_c658806 _d658806 |
||